00796nam a2200265 a 4500001001300000003000900013005001700022008004100039020002300080082002100103100001900124245002200143260003500165300000900200500003500209505006000244650001700304650001700321650001900338700001900357902000800376942000700384952012200391999001700513nice12345678IN_TiNIC20260116013209.0050524s1994 mona grp 000 0 eng  a1550651 c53900a305.4209561bTER aTernar, Yeshim aBook and the Veil aMontrealbVehicule Pressc1994 a180p aincludes index and biblioraphy2 aindiana series in aran and islamic studies/index, notes aMuslim Women aWomen-Turkey aSociety-Turkey1 aTernar, Yeshim bSRS cBK 001040708StackRoom-aHMIbHMId2007-03-23g539.00l0o305.4209561 TERp016626r2007-03-23v539.00w2005-05-24yBK c10076d10076